Business marketing management

Bibliographic Details
Main Author: Hutt, Michael D
Format: Book
Published: Fort Worth : Harcourt College , 2001
Subjects:

MARC

LEADER 00000cam a2200000 7i4500
001 0000010567
005 20050418.0
020 |a 003291798 
040 |a INS 
090 0 0 |a HF5415.13.   |b H87 2001 
100 1 |a Hutt, Michael D 
245 1 0 |a Business marketing management   |c Michael D. Hutt 
260 |a Fort Worth :   |b Harcourt College ,   |c 2001 
300 |a xxxii,716 ;   |c 26cm. 
650 0 0 |a Industrial marketing   |x Management 
650 0 0 |a Industrial procurement   |x Management 
999 |a 0000009674   |b BOOK   |c Open Shelf   |e Default branch